Reaching Adults through Sunday school / (Record no. 3410)

MARC details
000 -LEADER
fixed length control field 00488nam a2200169Ia 4500
003 - CONTROL NUMBER IDENTIFIER
control field GBCCL
005 - DATE AND TIME OF LATEST TRANSACTION
control field 20241126110454.0
008 - FIXED-LENGTH DATA ELEMENTS--GENERAL INFORMATION
fixed length control field 171127b xxu||||| |||| 00| 0 eng d
040 ## - CATALOGING SOURCE
Transcribing agency gbc
082 ## - DEWEY DECIMAL CLASSIFICATION NUMBER
Classification number 268.434
Item number REA
245 ## - TITLE STATEMENT
Title Reaching Adults through Sunday school /
Statement of responsibility, etc. Compiled by Larry Shotwell
260 ## - PUBLICATION, DISTRIBUTION, ETC.
Name of publisher, distributor, etc. Convention Press,
Place of publication, distribution, etc. North Nashville:
Date of publication, distribution, etc. 1979
300 ## - PHYSICAL DESCRIPTION
Extent 159p.;
Dimensions 20 cm.
650 ## - SUBJECT ADDED ENTRY--TOPICAL TERM
Topical term or geographic name entry element Religious education
9 (RLIN) 6008
650 ## - SUBJECT ADDED ENTRY--TOPICAL TERM
Topical term or geographic name entry element Sunday School
Form subdivision Adults
9 (RLIN) 6943
942 ## - ADDED ENTRY ELEMENTS (KOHA)
Source of classification or shelving scheme Dewey Decimal Classification
Koha item type Books
Koha issues (borrowed), all copies 5
Holdings
Withdrawn status Lost status Source of classification or shelving scheme Damaged status Not for loan Home library Current Library Shelving location Date acquired Total checkouts Total renewals Full call number Barcode Date last seen Date last checked out Copy number Price effective from Koha item type
    Dewey Decimal Classification     GRACE BIBLE COLLEGE GRACE BIBLE COLLEGE Ministry & Mission 2017-11-27 5 1 268.434 REA 008643 2025-05-01 2022-03-29 c.1 2017-11-27 Books
© Grace Bible College Library 2025